| 000 -LEADER |
| fixed length control field |
01469nam a2200373 i 4500 |
| 003 - CONTROL NUMBER IDENTIFIER |
| control field |
OSt |
| 005 - DATE AND TIME OF LATEST TRANSACTION |
| control field |
20250918093820.0 |
| 008 - FIXED-LENGTH DATA ELEMENTS--GENERAL INFORMATION |
| fixed length control field |
160113s2008 nyua e 000 f eng d |
| 020 ## - INTERNATIONAL STANDARD BOOK NUMBER |
| International Standard Book Number |
9780194789042 |
| 040 ## - CATALOGING SOURCE |
| Original cataloging agency |
CaNSH |
| Language of cataloging |
eng |
| Transcribing agency |
CaNSH |
| Modifying agency |
CaOL |
| -- |
KH8 |
| Description conventions |
rda |
| 082 ## - DEWEY DECIMAL CLASSIFICATION NUMBER |
| Classification number |
428.6 VIC |
| 100 1# - MAIN ENTRY--PERSONAL NAME |
| Personal name |
Vicary, Tim, |
| Dates associated with a name |
1949- |
| Relator term |
author. |
| 245 14 - TITLE STATEMENT |
| Title |
The elephant man / |
| Statement of responsibility, etc. |
Tim Vicary. |
| 250 ## - EDITION STATEMENT |
| Edition statement |
Simplified edition. |
| 264 #1 - PRODUCTION, PUBLICATION, DISTRIBUTION, MANUFACTURE, AND COPYRIGHT NOTICE |
| Place of production, publication, distribution, manufacture |
New York : |
| Name of producer, publisher, distributor, manufacturer |
Oxford University Press, |
| Date of production, publication, distribution, manufacture, or copyright notice |
[2008] |
| 300 ## - PHYSICAL DESCRIPTION |
| Extent |
56 pages : |
| Other physical details |
illustrations ; |
| Dimensions |
20 cm. |
| 336 ## - CONTENT TYPE |
| Content type term |
text |
| Source |
rdacontent. |
| 337 ## - MEDIA TYPE |
| Media type term |
unmediated |
| Source |
rdamedia. |
| 338 ## - CARRIER TYPE |
| Carrier type term |
volume |
| Source |
rdacarrier. |
| 490 1# - SERIES STATEMENT |
| Series statement |
Oxford bookworms library. True stories, Stage 1. |
| 500 ## - GENERAL NOTE |
| General note |
"First published in Oxford Bookworms 1989. --Back of title page. |
| 500 ## - GENERAL NOTE |
| General note |
Includes glossary and related activities. |
| 520 ## - SUMMARY, ETC. |
| Summary, etc. |
A fictional account based on the life of Joseph Merrick, known as the Elephant Man. The true and tragic story of a man who finds a friend for the first time in his life. |
| 650 #0 - SUBJECT ADDED ENTRY--TOPICAL TERM |
| Topical term or geographic name entry element |
Neurofibromatosis |
| General subdivision |
Patients |
| Form subdivision |
Fiction. |
| 650 #0 - SUBJECT ADDED ENTRY--TOPICAL TERM |
| Topical term or geographic name entry element |
Abnormalities, Human |
| Form subdivision |
Fiction. |
| 650 #0 - SUBJECT ADDED ENTRY--TOPICAL TERM |
| Topical term or geographic name entry element |
People with disabilities |
| Form subdivision |
Fiction. |
| 650 #0 - SUBJECT ADDED ENTRY--TOPICAL TERM |
| Topical term or geographic name entry element |
High interest-low vocabulary books. |
| Source of heading or term |
genre. |
| 650 #0 - SUBJECT ADDED ENTRY--TOPICAL TERM |
| Topical term or geographic name entry element |
Readers (Adult) |
| Source of heading or term |
genre. |
| 650 #0 - SUBJECT ADDED ENTRY--TOPICAL TERM |
| Topical term or geographic name entry element |
Readers for new literates. |
| Source of heading or term |
genre. |
| 651 #0 - SUBJECT ADDED ENTRY--GEOGRAPHIC NAME |
| Geographic name |
Wessex (England) |
| Form subdivision |
Fiction. |
| 651 #0 - SUBJECT ADDED ENTRY--GEOGRAPHIC NAME |
| Geographic name |
England |
| Form subdivision |
Fiction. |
| 830 #0 - SERIES ADDED ENTRY--UNIFORM TITLE |
| Uniform title |
Oxford bookworms library. |
| Name of part/section of a work |
True stories. |
| Number of part/section of a work |
Stage 1. |
| 942 ## - ADDED ENTRY ELEMENTS (KOHA) |
| Source of classification or shelving scheme |
|
| Koha item type |
Teaching Resources |